000 00372nam a2200181Ia 4500
100 _aNagrath/I.J
650 _aAnalog
250 _a2
942 _cBK
366 _f25
654 _aanalog
245 _aElectronic analog and digital
260 _bPrentice -Hall of India
_c2013
082 _bNAG
300 _a789
546 _aENGLISH
_cPAMPHALETS
999 _c22064
_d22064